Представление документа в формате MARC21

Поле Инд. ПП Название Значение
Тип записи a
Библиографический уровень a
001 Контрольный номер a4e2f88ca3854d20857b9cec53ea13c3
005 Дата корректировки 20201008142311.9
040 a Служба первич. каталог. НБ ТвГУ
b Код языка каталог. rus
e Правила каталог. PSBO
041 0_ a Код языка текста rus
097 b Оператор Komarova.ES
100 1_ a Автор Nikolova G.
245 10 a Заглавие Sources ot professional stress in banks and the role of the manager in preventing and managing it
260 a Место издания Тверь
b Издательство Тверской государственный университет
504 a Библиография Библиогр.: с. 119 (3 назв.)
520 0_ a Аннотация Статья посвящена источникам профессионального стресса в банках и роли менеджера в его предотвращении и управлении.
653 0_ a Ключевые слова Профессия
a Ключевые слова Менеджмент
a Ключевые слова Управление
a Ключевые слова Банк
a Ключевые слова Стресс
a Ключевые слова Stress
a Ключевые слова Banks
a Ключевые слова Manager
773 18 w Контрольный № источника 2e95caa5738f4ef8b5048eb0bf62a7e8
t Название источника Психология труда, организации и управления в условиях современных технологий
d Место и дата издания Тверь : Тверской государственный университет, 2020
g Прочая информация С. 116-119
856 40 u URL http://texts.lib.tversu.ru/texts/149726t.pdf
x Примечание для ЭОР Справка УИС 2020
x Примечание для ЭОР Реестр суммарного учета сетевых локальных документов
i Дата подключения ЭОР 20201008
901 t Тип документа a
920 a Оператор Кома
954 b Дата поступления в ОК 20200924